| 000 | 00967nam a22002177a 4500 | ||
|---|---|---|---|
| 003 | OSt | ||
| 005 | 20260413151928.0 | ||
| 008 | 260413b |||||||| |||| 00| 0 eng d | ||
| 040 | _c0 | ||
| 082 | _aDPer 796.07 St822 September-December 2015 v.28 n.5-6 January-October 2016 v.29 n.1-5 | ||
| 100 |
_aElliott, Steven. _eauthor. _970515 |
||
| 245 |
_aAnkle Injuries : _bReduce the Risk by Using a Soccer-Specific Warm-Up Routing / _cSteven Elliott, Margery Ellis, Sue Combs, and Lynn Hunt Long. |
||
| 260 |
_aReston, Virginia, USA ; _bShape America (Society of Health and Physical Educators) : _cSeptember/October 2015. |
||
| 300 |
_avolume 28, pages 34-39 : _billustration ; _c27cm. |
||
| 500 | _aStrategies, Volume 28, No. 1., Pages 34-39, September-October 2015. | ||
| 700 |
_aElliott, Steven. _eauthor. _970515 |
||
| 700 |
_aEllis, Margery. _eauthor. _970516 |
||
| 700 |
_aCombs, Sue. _eauthor. _970517 |
||
| 700 |
_aLong, Lynn Hunt. _eauthor. _970518 |
||
| 942 |
_2ddc _cPER |
||
| 999 |
_c24589 _d24589 |
||